| 000 | 00409nam a2200169Ia 4500 | ||
|---|---|---|---|
| 999 |
_c28418 _d28418 |
||
| 005 | 20240124130141.0 | ||
| 008 | 190923s9999||||xx |||||||||||||| ||eng|| | ||
| 041 | _aeng | ||
| 082 | _a 137 EYS-D | ||
| 100 | _aEysenck, H J | ||
| 245 | 0 |
_aDimensions of personality/ _c H J Eysenck |
|
| 260 |
_aLondon: _bRoutledge, _c1966 |
||
| 300 | _a308p. | ||
| 650 | _aPsychology | ||
| 650 | _aPersonality | ||
| 942 | _cBK | ||